| 000 | 00867na a2200277 4500 | ||
|---|---|---|---|
| 001 | 24094 | ||
| 003 | MIRAKIL | ||
| 005 | 20181213155330.0 | ||
| 008 | 180326b tu 000 0 | ||
| 040 |
_aMilas _btur _cTR-AnCHP |
||
| 041 | _atur | ||
| 082 |
_a320.9561 _bC35s 1984 |
||
| 090 | _a320.9561 C35s 1984 | ||
| 100 |
_aCem, İsmail _d1940-2007 |
||
| 245 |
_aSiyaset yazıları _bGeçiş dönemi Türkiyesi _b1981-1984 yılları _cİsmail Cem |
||
| 246 | _a1981-1984 yılları | ||
| 246 | _aGeçiş dönemi Türkiyesi | ||
| 260 |
_aİstanbul _bCem Yayınevi _c1984 _fÖztürk Matbaası |
||
| 300 |
_a327 s. _c19 sm. |
||
| 440 | _aKültür dizisi | ||
| 600 |
_aCem, İsmail _d1940-2007 _xSiyasi yazılar |
||
| 650 |
_aSiyaset ve yönetim _xTürkiye _y1981-1984 |
||
| 740 | _a1981-1984 yılları | ||
| 740 | _aGeçiş dönemi Türkiyesi | ||
| 942 |
_2ddc _cBKS |
||
| 999 |
_c10655 _d10655 |
||